[Event "Quebec op"]
[Site "Quebec"]
[Date "2018.07.24"]
[Round "5"]
[White "Turcotte, Jonathan"]
[Black "Boulay, David"]
[Result "1-0"]
[WhiteElo "1941"]
[BlackElo "1971"]
[PlyCount "107"]
[EventDate "2018.07.21"]
[EventType "swiss"]
[EventRounds "9"]
[EventCountry "CAN"]
[SourceTitle "CBM 186 Extra"]
[Source "ChessBase"]
[SourceDate "2018.08.24"]
[SourceVersion "1"]
[SourceVersionDate "2018.08.24"]
[SourceQuality "1"]

1. d4 d5 2. c4 c6 3. Nf3 Nf6 4. Nc3 e6 5. Bg5 Nbd7 6. cxd5 exd5 7. Qc2 Be7 8. e3 Nf8 9. Bd3 g6 10. 0-0 Ne6 11. Bh4 Ng7 12. Rfe1 0-0 13. Rac1 Bf5 14. h3 Bxd3 15. Qxd3 Nf5 16. Bxf6 Bxf6 17. b4 b5 18. a4 a6 19. Ne5 Bxe5 20. dxe5 Rc8 21. axb5 axb5 22. e4 dxe4 23. Qxe4 Qd4 24. Red1 Qxe4 25. Nxe4 Ne7 26. Rd6 Rc7 27. Rd3 Ra8 28. Nf6+ Kg7 29. Rcd1 g5 30. Rd7 Rxd7 31. Rxd7 Ng6 32. Nh5+ Kh6 33. Rxf7 Nxe5 34. Rf5 Ng6 35. g4 Ra1+ 36. Kh2 Rb1 37. Rf6 Rxb4 38. Rxc6 Rb1 39. Rb6 Rb2 40. Kg2 Rb4 41. Ng3 Kg7 42. Nf5+ Kg8 43. Rb8+ Kf7 44. Rb7+ Kf6 45. Rxh7 Nf4+ 46. Kf3 Rb3+ 47. Ne3 Ng6 48. Rb7 Ne5+ 49. Ke4 Nc4 50. Nd5+ Kg6 51. Kd4 Rxh3 52. f4 Rh4 53. f5+ Kh6 54. Nf6 1-0

[Event "Montreal Varennes op"]
[Site "Montreal"]
[Date "2016.10.09"]
[Round "4"]
[White "Lin, Benjamin"]
[Black "Boulay, David"]
[Result "1/2-1/2"]
[WhiteElo "1755"]
[BlackElo "2023"]
[PlyCount "85"]
[EventDate "2016.10.07"]
[EventType "swiss"]
[EventRounds "5"]
[EventCountry "CAN"]
[SourceTitle "CBM 175 Extra"]
[Source "ChessBase"]
[SourceDate "2016.12.12"]
[SourceVersion "1"]
[SourceVersionDate "2016.12.12"]
[SourceQuality "1"]

1. d4 d5 2. c4 c6 3. Nf3 Nf6 4. Qc2 e6 5. Nbd2 Nbd7 6. e3 Be7 7. Bd3 0-0 8. 0-0 b6 9. e4 dxe4 10. Nxe4 Bb7 11. Ne5 Nxe5 12. Nxf6+ Bxf6 13. Bxh7+ Kh8 14. dxe5 Bxe5 15. Be4 Qf6 16. Re1 g6 17. Re3 Kg7 18. Rf3 Qe7 19. Bd2 c5 20. Bxb7 Qxb7 21. Bc3 Bd4 22. Qe2 e5 23. Re1 Rae8 24. h4 Rh8 25. Rh3 Re6 26. h5 gxh5 27. Bxd4 exd4 28. Qd2 Rg6 29. Rg3 Rhh6 30. Qf4 h4 31. Qe5+ Kh7 32. Rxg6 Rxg6 33. Qh5+ Kg7 34. f3 Qc6 35. Re4 Qf6 36. Rxh4 Rh6 37. Qg4+ Qg6 38. Qxg6+ Rxg6 39. Kf2 Re6 40. b4 Kf6 41. bxc5 bxc5 42. Rh5 Re3 43. Rxc5 1/2-1/2

[Event "Montreal Varennes op"]
[Site "Montreal"]
[Date "2016.10.08"]
[Round "3"]
[White "Boulay, David"]
[Black "Turcotte, Jonathan"]
[Result "1/2-1/2"]
[WhiteElo "2023"]
[BlackElo "2016"]
[PlyCount "131"]
[EventDate "2016.10.07"]
[EventType "swiss"]
[EventRounds "5"]
[EventCountry "CAN"]
[SourceTitle "CBM 175 Extra"]
[Source "ChessBase"]
[SourceDate "2016.12.12"]
[SourceVersion "1"]
[SourceVersionDate "2016.12.12"]
[SourceQuality "1"]

1. d4 d5 2. c4 c6 3. e3 Nf6 4. Nf3 Bf5 5. Nbd2 e6 6. Be2 h6 7. 0-0 Nbd7 8. b3 Bd6 9. Bb2 0-0 10. Rc1 Qe7 11. Ne5 Ba3 12. Bxa3 Qxa3 13. Nxd7 Nxd7 14. Ra1 Nf6 15. Qc1 Qe7 16. c5 Nd7 17. b4 e5 18. Nb3 exd4 19. Nxd4 Bh7 20. Qc3 f5 21. g3 g5 22. f4 Rae8 23. Nc2 Nf6 24. Bf3 Bg6 25. Rae1 Ne4 26. Qd4 h5 27. Bxe4 fxe4 28. Qd1 h4 29. Qg4 hxg3 30. hxg3 Bf5 31. Qxg5+ Qxg5 32. fxg5 Bh3 33. Rf4 Kg7 34. Kf2 Kg6 35. Rh1 Bc8 36. Nd4 a6 37. a4 Kxg5 38. Rhh4 Rh8 39. Rxh8 Rxh8 40. Kg2 Bh3+ 41. Kg1 Kg6 42. Kf2 Bd7 43. Rh4 Rb8 44. a5 Rf8+ 45. Kg2 Bc8 46. Rf4 Rh8 47. Rf2 Bh3+ 48. Kg1 Bg4 49. Rf4 Be6 50. Ne2 Kg7 51. Rh4 Rf8 52. Nf4 Bc8 53. Kf2 Bd7 54. g4 d4 55. g5 d3 56. Ke1 Rh8 57. Rxh8 Kxh8 58. Nh5 Bf5 59. Nf6 Bg6 60. Nd7 Kg7 61. Ne5 Bf7 62. Kd2 Bd5 63. Kc3 Kf8 64. Ng6+ Kf7 65. Nf4 Be6 66. Kd2 1/2-1/2

[Event "Montreal Mercredi 01"]
[Site "Montreal"]
[Date "2007.01.31"]
[Round "4"]
[White "Menard, Dominic"]
[Black "Boulay, David"]
[Result "0-1"]
[WhiteElo "2020"]
[BlackElo "2097"]
[PlyCount "96"]
[EventDate "2007.01.10"]
[EventType "swiss"]
[EventRounds "5"]
[EventCountry "CAN"]
[SourceTitle "EXT 2022"]
[Source "ChessBase"]
[SourceDate "2021.10.06"]
[SourceVersion "1"]
[SourceVersionDate "2021.10.06"]
[SourceQuality "1"]

1. d4 Nf6 2. c4 g6 3. Nc3 Bg7 4. e4 d6 5. Be2 0-0 6. Bg5 Na6 7. Qd2 e5 8. d5 Qe8 9. h4 h5 10. Nf3 Nc5 11. Qc2 a5 12. 0-0 Bd7 13. a3 a4 14. Nd2 b6 15. Nb5 Bxb5 16. cxb5 Nfd7 17. f3 Kh7 18. g4 Bh6 19. f4 exf4 20. gxh5 Bxg5 21. hxg6+ fxg6 22. hxg5 Qe5 23. Kf2 Qxg5 24. Rh1+ Kg7 25. Rag1 Qe5 26. Rg2 Rae8 27. Rgh2 Rh8 28. Rxh8 Rxh8 29. Rxh8 Kxh8 30. Qc3 Qxc3 31. bxc3 Nf6 32. Kf3 g5 33. Bd1 Kg7 34. Bc2 Nfd7 35. Kg4 Kf6 36. Kf3 Ne5+ 37. Kf2 g4 38. Bd1 Kg5 39. Be2 f3 40. Bd1 Kf4 41. Bc2 g3+ 42. Kg1 Ke3 43. Nf1+ Kf4 44. Nd2 Ng4 45. Bd1 f2+ 46. Kh1 Nxe4 47. Nf1 Ne3 48. Be2 g2+ 0-1

[Event "Montreal Class-A"]
[Site "Montreal"]
[Date "2004.11.13"]
[Round "3"]
[White "Boulay, David"]
[Black "Malveau, Cedric"]
[Result "1-0"]
[WhiteElo "2056"]
[BlackElo "1932"]
[PlyCount "63"]
[EventDate "2004.11.??"]
[EventType "swiss"]
[EventRounds "5"]
[EventCountry "CAN"]
[SourceTitle "EXT 2006"]
[Source "ChessBase"]
[SourceDate "2005.11.24"]
[SourceVersion "1"]
[SourceVersionDate "2005.11.24"]
[SourceQuality "1"]

1. e4 c5 2. Nf3 d6 3. d4 cxd4 4. Nxd4 Nf6 5. Nc3 a6 6. Be3 e5 7. Nb3 Be6 8. Be2 Nbd7 9. 0-0 b5 10. f3 Be7 11. Qd2 Rc8 12. a4 b4 13. Nd5 Bxd5 14. exd5 a5 15. Ba6 Rb8 16. Qd3 0-0 17. Bb5 e4 18. fxe4 Ne5 19. Qd4 Qc8 20. Nxa5 Qxc2 21. Qxb4 Qxe4 22. Qxe4 Nxe4 23. Rad1 Nf6 24. Nc6 Nxc6 25. dxc6 Rfc8 26. Bf4 Ne8 27. Rfe1 Kf8 28. Re2 Nc7 29. Bxd6 Bxd6 30. Rxd6 Nxb5 31. axb5 Rxb5 32. c7 1-0

[Event "Quebec op"]
[Site "Montreal"]
[Date "2004.07.17"]
[Round "1"]
[White "Boulay, David"]
[Black "Robichaud, Louis"]
[Result "0-1"]
[WhiteElo "2044"]
[BlackElo "2080"]
[PlyCount "24"]
[EventDate "2004.07.17"]
[EventType "swiss"]
[EventRounds "9"]
[EventCountry "CAN"]
[SourceTitle "CBM 101 Extra"]
[Source "ChessBase"]
[SourceDate "2004.09.01"]
[SourceVersion "2"]
[SourceVersionDate "2004.09.01"]
[SourceQuality "1"]

1. e4 e5 2. Nf3 Nc6 3. Bb5 a6 4. Ba4 Nf6 5. Qe2 b5 6. Bb3 Be7 7. c3 0-0 8. 0-0 d6 9. Rd1 Na5 10. Bc2 c5 11. d4 Qc7 12. Nbd2 cxd4 0-1

[Event "Le Bolduc-B 2nd"]
[Site "Montreal"]
[Date "2003.10.08"]
[Round "6"]
[White "Trinh, Tri Bao"]
[Black "Boulay, David"]
[Result "1/2-1/2"]
[WhiteElo "2059"]
[BlackElo "2083"]
[PlyCount "22"]
[EventDate "2003.09.??"]
[EventType "tourn"]
[EventRounds "11"]
[EventCountry "CAN"]
[SourceTitle "EXT 2006"]
[Source "ChessBase"]
[SourceDate "2005.11.24"]
[SourceVersion "1"]
[SourceVersionDate "2005.11.24"]
[SourceQuality "1"]

1. e4 e5 2. Nf3 d6 3. Bc4 c6 4. d4 Nd7 5. Nc3 Be7 6. 0-0 Ngf6 7. a4 0-0 8. h3 Qc7 9. Be3 Re8 10. Ng5 Rf8 11. Nf3 Re8 1/2-1/2

[Event "Mauricie-ch"]
[Site "Shawinigan"]
[Date "2003.03.22"]
[Round "3"]
[White "Boulay, David"]
[Black "Lesiege, Alexandre"]
[Result "0-1"]
[WhiteElo "2212"]
[BlackElo "2589"]
[PlyCount "92"]
[EventDate "2003.03.21"]
[EventType "swiss"]
[EventRounds "5"]
[EventCountry "CAN"]
[SourceTitle "EXT 2006"]
[Source "ChessBase"]
[SourceDate "2005.11.24"]
[SourceVersion "1"]
[SourceVersionDate "2005.11.24"]
[SourceQuality "1"]

1. e4 c5 2. Nf3 Nc6 3. Nc3 e6 4. d4 cxd4 5. Nxd4 Nf6 6. Ndb5 d6 7. Bf4 e5 8. Bg5 a6 9. Na3 b5 10. Nd5 Be7 11. Bxf6 Bxf6 12. c3 Bg5 13. Nc2 0-0 14. a4 bxa4 15. Rxa4 a5 16. Bc4 Kh8 17. 0-0 Rb8 18. b3 f5 19. exf5 Bxf5 20. Nce3 Bg6 21. Be2 e4 22. Nc4 h6 23. Ra3 Bf7 24. Bh5 Bg8 25. Bg4 Rb5 26. Nce3 Rc5 27. c4 Ne7 28. Qd4 Nxd5 29. Nxd5 Bxd5 30. cxd5 Rc2 31. Raa1 Rf4 32. Qd1 Rb2 33. g3 Rfxf2 34. Rxf2 Be3 35. Be2 Qf6 36. Qf1 Rxe2 37. Qxe2 Bxf2+ 38. Qxf2 Qxa1+ 39. Kg2 Qe5 40. Qf7 e3 41. Qe6 Qxe6 42. dxe6 Kg8 43. Kf3 Kf8 44. Kxe3 Ke7 45. Ke4 Kxe6 46. g4 g5 0-1

[Event "Guelph op"]
[Site "Guelph"]
[Date "2002.08.08"]
[Round "3"]
[White "Boulay, David"]
[Black "Rodina, Nataliya"]
[Result "1-0"]
[WhiteElo "2067"]
[BlackElo "2014"]
[PlyCount "91"]
[EventDate "2002.08.07"]
[EventType "swiss"]
[EventRounds "9"]
[EventCountry "CAN"]
[SourceTitle "CBM 089 Extra"]
[Source "ChessBase"]
[SourceDate "2002.09.10"]
[SourceVersion "2"]
[SourceVersionDate "2002.09.10"]
[SourceQuality "1"]

1. e4 c5 2. Nf3 Nc6 3. Nc3 d6 4. d4 cxd4 5. Nxd4 e5 6. Nb3 Nf6 7. Be2 Be7 8. 0-0 Be6 9. Be3 0-0 10. f3 d5 11. exd5 Nxd5 12. Nxd5 Bxd5 13. c4 Be6 14. Qxd8 Rfxd8 15. Rfd1 Rac8 16. Rac1 g6 17. Nc5 Bxc5 18. Bxc5 Nd4 19. Bxd4 Rxd4 20. Rxd4 exd4 21. b3 Rd8 22. Bd3 h5 23. Kf2 Kg7 24. Rc2 Kf6 25. Ke2 Ke5 26. Kd2 Rd7 27. Rc1 f5 28. Re1+ Kf6 29. f4 Rd6 30. h4 Bd7 31. c5 Rd5 32. b4 Bc6 33. b5 Bd7 34. Rc1 Ke7 35. Be2 Bc8 36. Bf3 Rd7 37. Kd3 Kd8 38. Rc4 Kc7 39. Rxd4 Re7 40. Kd2 Bd7 41. a4 a6 42. b6+ Kc8 43. a5 Re6 44. Bxb7+ Kxb7 45. Rxd7+ Kc8 46. Rd6 1-0

[Event "Quebec-ch qual 1"]
[Site "Montreal"]
[Date "2001.04.28"]
[Round "2"]
[White "Gilbert, Erick"]
[Black "Boulay, David"]
[Result "0-1"]
[WhiteElo "1862"]
[BlackElo "2105"]
[PlyCount "82"]
[EventDate "2001.04.27"]
[EventType "swiss"]
[EventRounds "5"]
[EventCountry "CAN"]
[SourceTitle "EXT 2022"]
[Source "ChessBase"]
[SourceDate "2021.10.06"]
[SourceVersion "1"]
[SourceVersionDate "2021.10.06"]
[SourceQuality "1"]

1. Nf3 Nf6 2. g3 g6 3. Bg2 Bg7 4. 0-0 0-0 5. d3 d6 6. e4 c5 7. Nbd2 Nc6 8. c3 e5 9. Nc4 d5 10. exd5 Nxd5 11. Re1 Re8 12. Bg5 f6 13. Be3 Nxe3 14. Nxe3 Be6 15. Nc4 Qd7 16. Qe2 Rad8 17. Red1 Qf7 18. b3 Rd7 19. Ne3 Red8 20. Bf1 h6 21. h3 a6 22. Kh2 b5 23. Qc2 f5 24. Be2 f4 25. Ng2 g5 26. g4 Bd5 27. Nge1 b4 28. cxb4 cxb4 29. Rac1 Bf8 30. d4 e4 31. Ne5 Nxe5 32. dxe5 f3 33. Bc4 Qf4+ 34. Kg1 Qxe5 35. Rxd5 Rxd5 36. Nxf3 exf3 37. Qg6+ Bg7 38. Qd3 Kh8 39. Bxd5 Qxd5 40. Qxa6 Qd1+ 41. Qf1 Qe2 0-1

[Event "Beloeil"]
[Site "Beloeil"]
[Date "2000.10.17"]
[Round "4"]
[White "Boulay, David"]
[Black "Wenaas, Eric"]
[Result "1-0"]
[WhiteElo "2082"]
[BlackElo "2260"]
[PlyCount "107"]
[EventDate "2000.??.??"]
[EventType "swiss"]
[EventRounds "6"]
[EventCountry "CAN"]
[SourceTitle "EXT 2004"]
[Source "ChessBase"]
[SourceDate "2003.11.25"]
[SourceVersion "1"]
[SourceVersionDate "2003.11.25"]
[SourceQuality "1"]

1. e4 e5 2. Nf3 Nc6 3. Bb5 a6 4. Ba4 Nf6 5. Qe2 b5 6. Bb3 Be7 7. c3 d6 8. h3 0-0 9. d3 Na5 10. Bc2 c5 11. Nbd2 Qc7 12. Nf1 Re8 13. Ne3 Bf8 14. Nh2 Bb7 15. Nhg4 Nd7 16. h4 h5 17. Nh2 Nf6 18. g4 g6 19. g5 Nd7 20. c4 Bg7 21. 0-0 Nf8 22. Nd5 Qd8 23. Be3 Ne6 24. Nf3 Nc6 25. Qd2 f6 26. gxf6 Bxf6 27. Ng5 Ncd4 28. Bd1 Bxg5 29. hxg5 Bxd5 30. cxd5 Nf4 31. Bxf4 exf4 32. Qxf4 Re5 33. Qh2 Qxg5+ 34. Kh1 Qd2 35. Rg1 Rf8 36. Qg3 g5 37. Bxh5 Qxf2 38. Qxf2 Rxf2 39. Raf1 Rxf1 40. Rxf1 Re7 41. Kg2 Rh7 42. Bg6 Rg7 43. Rf6 Rd7 44. Bf5 Nxf5 45. Rxf5 Kg7 46. Kg3 c4 47. dxc4 bxc4 48. Kg4 Re7 49. Rxg5+ Kf6 50. Rf5+ Kg6 51. Kf4 Rh7 52. Ke3 Rh3+ 53. Rf3 Rh2 54. Rf2 1-0

[Event "Montreal op"]
[Site "Montreal"]
[Date "2000.??.??"]
[Round "4"]
[White "Boulay, David"]
[Black "Ibrahim, Anthony"]
[Result "1-0"]
[WhiteElo "2032"]
[BlackElo "2166"]
[PlyCount "95"]
[EventDate "2000.??.??"]
[EventType "swiss"]
[EventRounds "5"]
[EventCountry "CAN"]
[SourceTitle "EXT 2003"]
[Source "ChessBase"]
[SourceDate "2002.11.25"]
[SourceVersion "1"]
[SourceVersionDate "2002.11.25"]
[SourceQuality "1"]

1. e4 c5 2. Nf3 Nc6 3. d4 cxd4 4. Nxd4 Nf6 5. Nc3 e5 6. Ndb5 d6 7. Bg5 a6 8. Na3 b5 9. Nd5 Be7 10. Bxf6 Bxf6 11. c3 0-0 12. Nc2 Bg5 13. Be2 g6 14. a4 bxa4 15. Rxa4 a5 16. b4 Be6 17. b5 Ne7 18. h4 Bxd5 19. exd5 Bh6 20. h5 g5 21. g4 f5 22. Ne3 f4 23. Nc2 Bg7 24. Qd3 Rc8 25. c4 Rf7 26. Bf3 h6 27. Rg1 Kf8 28. Be4 Rc5 29. Na1 Rc8 30. Nb3 Ra8 31. f3 Nc8 32. Kf2 Nb6 33. Ra3 a4 34. Nd2 Qc7 35. Bf5 Qc5+ 36. Kg2 Rd8 37. Be6 e4 38. Nxe4 Qxc4 39. Bxf7 Qxd3 40. Rxd3 Kxf7 41. Rc1 Rd7 42. Rc6 a3 43. Rxa3 Nxd5 44. Nxd6+ Kg8 45. Nf5 Bf8 46. Ra8 Ne3+ 47. Nxe3 fxe3 48. Rcc8 1-0

[Event "Montreal op"]
[Site "Montreal"]
[Date "2000.??.??"]
[Round "1"]
[White "Boulay, David"]
[Black "Loranger, Stephane"]
[Result "1-0"]
[WhiteElo "2032"]
[BlackElo "1843"]
[PlyCount "47"]
[EventDate "2000.??.??"]
[EventType "swiss"]
[EventRounds "5"]
[EventCountry "CAN"]
[SourceTitle "EXT 2003"]
[Source "ChessBase"]
[SourceDate "2002.11.25"]
[SourceVersion "1"]
[SourceVersionDate "2002.11.25"]
[SourceQuality "1"]

1. e4 e5 2. Nf3 Nc6 3. d4 exd4 4. Nxd4 Bc5 5. Be3 Qf6 6. c3 Nge7 7. Bc4 Ne5 8. Be2 d5 9. f4 Nc4 10. Bxc4 dxc4 11. Qa4+ Bd7 12. Qxc4 Bb6 13. Nd2 0-0-0 14. 0-0 g6 15. a4 a6 16. b4 Be6 17. Qe2 h5 18. e5 Qg7 19. Nxe6 Bxe3+ 20. Qxe3 fxe6 21. Ne4 b6 22. a5 Nd5 23. Qe2 b5 24. c4 1-0

[Event "Montreal Pere Noel op"]
[Site "Montreal"]
[Date "1998.12.26"]
[Round "1"]
[White "Khassanov, Marat"]
[Black "Boulay, David"]
[Result "1/2-1/2"]
[WhiteElo "2456"]
[BlackElo "2030"]
[PlyCount "55"]
[EventDate "1998.12.26"]
[EventType "swiss"]
[EventRounds "5"]
[EventCountry "CAN"]
[SourceTitle "EXT 2022"]
[Source "ChessBase"]
[SourceDate "2021.10.06"]
[SourceVersion "1"]
[SourceVersionDate "2021.10.06"]
[SourceQuality "1"]

1. e4 c5 2. Ne2 d6 3. c4 e5 4. Nbc3 Nf6 5. g3 g6 6. Bg2 Nc6 7. 0-0 Bg7 8. d3 0-0 9. h3 a6 10. f4 Rb8 11. f5 b5 12. g4 Nd7 13. Nd5 f6 14. h4 Nd4 15. Rb1 a5 16. Be3 Ba6 17. cxb5 Bxb5 18. Qd2 Rf7 19. Bh3 Nxe2+ 20. Qxe2 g5 21. hxg5 fxg5 22. a3 h6 23. b4 Qc8 24. Rfc1 axb4 25. axb4 Bf8 26. Bf1 Bc6 27. Qa2 Ra8 28. Qc2 1/2-1/2

[Event "Drummondville"]
[Site "Drummondville"]
[Date "1997.08.17"]
[Round "4"]
[White "Lacroix, Serge"]
[Black "Boulay, David"]
[Result "1/2-1/2"]
[WhiteElo "1991"]
[BlackElo "2003"]
[PlyCount "75"]
[EventDate "1997.08.15"]
[EventType "swiss"]
[EventRounds "5"]
[EventCountry "CAN"]
[SourceTitle "EXT 2022"]
[Source "ChessBase"]
[SourceDate "2021.10.06"]
[SourceVersion "1"]
[SourceVersionDate "2021.10.06"]
[SourceQuality "1"]

1. e4 c5 2. Nf3 d6 3. d4 cxd4 4. Nxd4 Nf6 5. Nc3 a6 6. Bg5 e6 7. f4 Be7 8. Qf3 Qa5 9. 0-0-0 Bd7 10. g4 Nc6 11. Bxf6 Bxf6 12. Nb3 Qc7 13. g5 Be7 14. Bg2 0-0 15. h4 b5 16. Rhe1 Rac8 17. Rd2 b4 18. Nd5 exd5 19. exd5 Qa7 20. dxc6 Bxc6 21. Qe3 Qxe3 22. Rxe3 Bd8 23. Bh3 Bb6 24. Nd4 Rfe8 25. Rxe8+ Rxe8 26. Kd1 Bb7 27. c3 bxc3 28. bxc3 g6 29. Re2 Kf8 30. f5 Re5 31. f6 Rxe2 32. Kxe2 Bd5 33. a4 Ke8 34. Bc8 Bc4+ 35. Ke3 Kd8 36. Bb7 Kc7 37. Be4 d5 38. Bc2 1/2-1/2